Statistiques concernant Politics and citizenship - part 2

Cliquez ici pour prendre le quiz!

Statistiques générales

  • Ce quiz a été pris 2 fois
  • Le résultat moyen est 88 sur 192

Statistiques - réponses

FrançaisAnglais% Correct
une urne électoralea ballot box
100%
un vote blanca blank vote
100%
un osa bone
100%
l'abstentionabstention
100%
une election partiellea by-election
100%
une luttea contest
100%
le militantisme{activism}
100%
une défaitea defeat
100%
une élection au suffrage directa direct election
100%
Un bâillona gag
100%
un glissement de terraina landslide
100%
un manifeste{a} {manifesto}
100%
un militant{an} {activist}
100%
une alliance{an} {alliance}
100%
un apparatchik{an} {apparatchik}
100%
un idéologue{an} {ideologist}
100%
une cellule du parti{a} {party} {cell}
100%
un programme{a} {platform}
100%
un plébiscitea plebiscite
100%
un dissident{a} {political} {dissenter}
100%
une querellea quarrel
100%
un réferenduma referendum
100%
un soutien{a} {support}
100%
un virage à gauchea swing to the left
100%
un sympathisant{a} {sympathizer}
100%
un débat téléviséa TV debate
100%
un demi-toura U-turn
100%
un vote, un suffrage une voixa vote
100%
un isoloira voting booth / polling booth
100%
une aile{a} {wing}
100%
le suffrage direct/indirect/universeldirect/indirect/universal suffrage
100%
le désaccord{disagreement}
100%
les électionselections
100%
les systèmes électorauxelectoral systems
100%
le financement{financing}
100%
les élections législativesgeneral elections
100%
l'idéologie{ideology}
100%
l'inéligibilitéineligibility
100%
les élections municipaleslocal elections
100%
les élections multipartitesmulti-party elections
100%
la majorité absolueoverall/absolute majority
100%
la sur-représentationover-representation
100%
les structures du parti{party} {structures}
100%
la dissidence{political} {dissidence}
100%
La vie politique et les élections{political} {life} {and} {elections}
100%
l'opinion politique{political} {opinion}
100%
les élections présidentiellespresidential elections
100%
les élections primaire (US)primaries
100%
la majorité relativerelative majority
100%
la rivalitérivalry
100%
sortant susceptible d'être réelusitting
100%
le taux d'abstentionthe abstention rate
100%
le centre{the} {centre}
100%
le 1er/2nd tour de scrutinthe first/second ballot
100%
la gauche{the} {left} {wing}
100%
les membres du parti{the} {party} {members}
100%
la base{the} {rank}-{and}-{file}
100%
la droite{the} {right} {wing}
100%
le second tourthe run-off/the second round
100%
organiser des élections anticipéesto call an early election
100%
choisirto choose
100%
revendiquer un effectif de{to} {claim} {a} {membership} {of}
100%
se plaindreto complain
100%
condamnerto condemn
100%
contredireto contradict
100%
critiquerto criticize
100%
défendreto defend
100%
ne pas être d'accord avecto disagree with
100%
financer{to} {finance}
100%
fonder un parti{to} {found} {a} {party}
100%
aller aux urnesto go to the polls
100%
durcirto harden
100%
invaliderto invalidate
100%
faire un discoursto make a speech
100%
rendre douxto make soft
100%
rendre durto make tough
100%
protesterto protest
100%
mettre en douteto question
100%
réformer{to} {reform}
100%
adoucirto soften
100%
remplir, garnirto stuff
100%
superviser, contrôlerto supervise, to monitor
100%
virer à droiteto swing to the right
100%
durcir une positionto toughen a position
100%
voter par procurationto vote by proxy
100%
remporter plus de 50% des voixto win over 50% of the votes
100%
flatter, courtiser les électeursto woo voters
100%
la sous-représentationunder-representation
100%
un bulletin de votea ballot paper
0%
une pomme de discrodea bone of contention
0%
un militant/candidat en campagnea campainger
0%
une candidaturea candidacy
0%
un candidata candidate
0%
un affrontementa clash
0%
une division{a} {cleavage}
0%
une doléance{a} {complaint}
0%
une circonscriptiona constituency, a district
0%
un électeur de la circonscriptiona constituent
0%
un concurrenta contestant, a contender
0%
une majorité de coalitiona cross-party/a condition majority
0%
un spécialiste du débata debater
0%
une liste panachéea flexible list
0%
un pur et dura hard-liner
0%
une victoire écrasantea landslide victory
0%
le système du scrutin de listea list system
0%
un abstentionnistean abstainer
0%
une élection au scrutin majoritairean election on a majority basis
0%
une réforme électoralean election reform
0%
une liste électoralean electoral roll
0%
un sondage d'opinionan opinion roll
0%
un parti d'opposition{an} {opposition} {party}
0%
un candidat sans étiquette{an} {out-party} {candidate}
0%
une proportionnelle à un toura one-round proportional system
0%
un congrès du parti{a} {party} {congress}/{conference}
0%
un chef de file{a} {party} {leader}
0%
un responsable du parti{a} {party} {official}
0%
une tendance politique{a} {political} {leaning}
0%
un vote de protestationa protest vote
0%
un vote par procurationa proxy vote
0%
un harangueur de foulesa rabble rouser
0%
un réformateur{a} {reformist}
0%
un représentanta representative
0%
un rivala rival, an opponent
0%
un tour de scrutina round of voting/balloting
0%
un vote à bulletin secreta secret ballot
0%
une caisse noire{a} {slush} {fund}
0%
un conseiller en communicationa spin doctor
0%
une éclat, une écharde{a} {splinter}
0%
un parti dissident{a} {splinter} {party}
0%
une scission{a} {split}, {a} {rift}
0%
une position, un opinion{a} {stance}, {a} {position}
0%
une volte-facea turnabout, a turnaround
0%
une élection à deux toursa two-stage/a two-tier election
0%
un vote utilaa usefull ovte
0%
un électeura voter
0%
un système électorala voting system
0%
le scrutinballoting
0%
la désapprobation{disapproval}
0%
la fraude électoraleelectoral fraude
0%
le jusqu'au-boutismehard-line approach
0%
sortant non réeluoutgoing
0%
l'adhésion à un parti{party} {membership}
0%
la dissension politiquepolitical dissent
0%
la contestationprotest
0%
le dépouillementthe counting of the votes
0%
la campagne électoralethe election campaign
0%
l'électoratthe electorate
0%
le premier tour de scrutinthe first-round of elections/ballot
0%
la direction{the} {leadership}
0%
la cote populairethe popularity rating
0%
la populacethe rabble
0%
les parti au pouvoir, la majorité{the} {ruling} {party}
0%
la majorité silencieusethe silent majority
0%
la participationthe turnout
0%
l'âge légal autorisant à voterthe voting age
0%
être abstentionnisteto abstain
0%
préconiserto advocate
0%
faire marche-arrièreto back-pedal
0%
soutenirto back, to support
0%
être inscrit sur les listes électoralesto be on the electoral roll/to be registered to vote
0%
soudoyer, subonnerto bride
0%
appeler aux urnesto call an election
0%
faire campagneto campaingn
0%
faire du porte à porte électoralto canvas a district
0%
remettre en question, contesterto challenge
0%
défier quelqu'unto challenge somebody
0%
arriver au pouvoirto come into office/power
0%
rivaliser avec quelqu'un pour le pouvoirto compete with somebody for power
0%
se disputer un siègeto contest a seat
0%
désapprouver quelque choseto disapprove of something
0%
renier, désavouerto disown
0%
contesterto dispute
0%
élireto elect
0%
bâillonner l'oppositionto gag the opposition
0%
distribuer des tracts{to} {hand} {out} {pamphlets}/{tracts}
0%
adhérer à un parti{to} {join} {a} {party}
0%
lancer une campagneto launch a campaing
0%
protester solennellementto lodge a protest
0%
obtenir la majoritéto obtain a majority
0%
s'opposer à quelque choseto oppose (something)
0%
prendre un bain de fouleto press the flesh
0%
truquerto rig
0%
se présenter à des électionsto run for office
0%
nuancer une opinionto soften an opinion
0%
se porter candidatto stand as candidate
0%
bourrer les urnesto stuff ballot boxes
0%
procéder à un scrutinto take a ballot
0%
prendre parti pourto take sides with, to side with
0%
participerto turn-out
0%
inciterto urge
0%
être élu à un posteto win office
0%
remporter les électionsto win the election
0%

Distribution des résultats

Percentile par nombre de réponses

% des personnes avec chaque résultat

Votre développement - résultats

Vous n’avez pas pris ce quiz